| 000 | 00678nam a2200193 a 4500 | ||
|---|---|---|---|
| 005 | 20240924064305.0 | ||
| 008 | 991125s1966 [pa 000 0 fre u | ||
| 035 | _aUPN01000051183 | ||
| 049 | _aCG | ||
| 050 | 4 |
_aLB1628 _aR4.4 |
|
| 245 | 0 | 3 |
_aLa réforme des programmes scolaires et le développement de l'éducation / _cOrganisation de Cooperation et de Developpement Economique. |
| 260 |
_a[París] : _bOCDE, _c1966. |
||
| 300 | _a81 p. | ||
| 440 | 3 | _aLa modernisation de l'enseignement | |
| 650 | 4 |
_aInnovaciones educativas _9386 |
|
| 650 | 4 |
_aEducación _vPlanes y programas _96413 |
|
| 710 | 2 | _aOrganisation de Cooperation et de Developpement Economique | |
| 905 | _aLibro | ||
| 999 |
_c51183 _d51183 |
||